Le retour de l'enfant prodigue : précéde de cinq autres traités /
Guardat en:
| Autor principal: | |
|---|---|
| Format: | Llibre |
| Idioma: | francès |
| Publicat: |
París, Francia :
Gallimard,
fecha no identificada
|
| Edició: | 14a edición |
| Matèries: | |
| Etiquetes: |
Sense etiquetes, Sigues el primer a etiquetar aquest registre!
|
MARC
| LEADER | 00000nam^a2200000^a^4500 | ||
|---|---|---|---|
| 001 | 000321223 | ||
| 005 | 20250521000000.0 | ||
| 009 | 20260310113534.477 | ||
| 037 | |a Acervo ITESO - Biblioteca | ||
| 041 | |a FRA | ||
| 082 | |a 848. |b GID | ||
| 100 | |a Gide, André |e (autor) | ||
| 240 | 1 | 1 | |a [Biblia] |
| 240 | 1 | 1 | |a [Biblia. Adaptaciones] |
| 240 | 1 | 4 | |a [El regreso del hijo pródigo, de André Gide] |
| 240 | 1 | 4 | |a [El tratado de Narciso] |
| 240 | 1 | 1 | |a [Tentativa amorosa] |
| 240 | 1 | 4 | |a [El Hadj] |
| 240 | 1 | 1 | |a [Filoctetes, de André Gide] |
| 240 | 1 | 1 | |a [Betsabé] |
| 245 | 1 | 3 | |a Le retour de l'enfant prodigue : |b précéde de cinq autres traités / |c A. Gide. |
| 250 | |a 14a edición | ||
| 264 | 1 | |a París, Francia : |b Gallimard, |c fecha no identificada | |
| 300 | |a 235 p. | ||
| 336 | |a texto |b txt |2 rdacontenido | ||
| 337 | |a sin mediación |b n |2 rdamedio | ||
| 338 | |a volumen |b nc |2 rdasoporte | ||
| 500 | |a Basado en: Biblia, Nuevo Testamento, Evangelio según San Lucas, capítulo 15, versículos 11-32 | ||
| 545 | 0 | |a André Gide (París, 1869-1951), escritor francés ganador del Premio Nobel de Literatura en 1947. Comenzó a publicar muy joven, inicialmente bajo la influencia simbolista, como se evidencia en Los cuadernos de André Walter (1891), su ópera prima. Pronto, sin embargo, comenzó a construirse una personalidad literaria propia, preocupado por el dilema ético de la confrontación de la libertad y responsabilidad individual, con la moral social vigente. Dilema que alimentó su reivindicación de la homosexualidad y su abordaje literario en obras como Corydon (1924), considerada por el mismo Gide como su mejor obra. En Viaje al Congo y Regreso de Chad (ambas de 1928) hace una severa crítica al colonialismo francés en Africa, tras haber visitado ambos países. Otros de sus títulos son El tratado de Narciso (1891), Tentativa amorosa (1893), Pantanos (1895), Los alimentos terrestres (1897), El inmoralista (1902), La puerta estrecha (1909), Isabel (1912), La sinfonía pastoral (1919), La escuela de las mujeres (1930), Los sótanos del Vaticano (1914), Si la semilla no muere (1920), Los monederos falsos (1925) y Diario (1889-1951). | |
| 586 | |a Premio Nobel de Literatura 1947 | ||
| 649 | |a XX | ||
| 650 | |a Jesucristo - |x Parábolas | ||
| 650 | |a Prosa Poética Francesa | ||
| 650 | |a Teatro Francés | ||
| 650 | |a Biblia en la Literatura | ||
| 650 | |a Religión y Literatura - |z Francia | ||
| 650 | |a Literatura Francesa - |y Siglo XX | ||
| 650 | |a Biblia - |x Nuevo Testamento - |x Evangelios - |x Lucas - |x Adaptaciones | ||
| 740 | 3 | |a Le retour de l'enfant prodigue / |c A. Gide. | |
| 740 | 0 | |a Traité du Narcisse / |c A. Gide. | |
| 740 | 0 | |a Tentative amoureuse / |c A. Gide. | |
| 740 | 3 | |a El Hadj / |c A. Gide. | |
| 740 | 0 | |a Philoctète / |c A. Gide. | |
| 740 | 0 | |a Bethsabé / |c A. Gide. | |
| 910 | |a Fondo Ignacio Díaz Morales | ||
| 920 | |a Impresos - Libros | ||
| 930 | |a Arquitectos Jaliscienses | ||
| 940 | |a Literatura | ||
| 905 | |a 114 | ||
| 901 | |a 0500208442 |b IT1 |c JAL |i D58113 |u 20250521 | ||
| 902 | |a https://opac.biblio.iteso.mx/vufind/Record/000321223 | ||